000
00285nam a2200133Ia 4500
100
_a
Christensen/Jane
942
_c
BK
654
_a
arco
245
_a
Arco Word processing
260
_b
prentice hall
_a
New Delhi
_c
1986
082
_a
651.84
_b
CHR
300
_a
120
546
_a
ENGLISH
999
_c
20974
_d
20974